Maniaci sentimentali /
Gorde:
| Beste egile batzuk: | , , , , , , , , , , , |
|---|---|
| Formatua: | |
| Hizkuntza: | italiera |
| Argitaratua: |
Milano :
RCS films & TV [distributore],
c1995
|
| Saila: | Cinema donna
|
| Etiketak: |
Etiketarik gabe, Izan zaitez lehena erregistro honi etiketa jartzen!
|
MARC
| LEADER | 00000ngm a22000007i 4500 | ||
|---|---|---|---|
| 001 | IT\ICCU\MOD\0781645 | ||
| 003 | ItRI | ||
| 005 | 20260124182907.0 | ||
| 008 | 030304s1995 it |||||||||||||||k|||||c | ||
| 028 | 4 | 2 | |a VDRRPLK213 |b 27 |
| 028 | 4 | 2 | |a VDRSPLH214 |b 55 |
| 040 | |b ita | ||
| 041 | 7 | |a ita |2 ISO-639-2 | |
| 130 | 0 | |a Maniaci sentimentali <film ; 1994> |3 IT\ICCU\CAG\0895219 | |
| 245 | 0 | 0 | |a Maniaci sentimentali / |c un film diretto da Simona Izzo ; musiche di Antonio Di Pofi. |
| 260 | |a Milano : |b RCS films & TV [distributore], |c c1995 | ||
| 300 | |a 1 videocassetta (VHS) (ca. 95 min.) : |b color., son | ||
| 500 | |a Tit. del contenitore | ||
| 500 | |a Film del 1994, Italia; interpreti: Ricky Tognazzi, Barbara De Rossi, Alessandro Benvenuti, Monica Scattini, Clelia Rondinella, Pat O'Hara, Veronica Logan, Alessandro Giannini, Edoardo Mottini, Giuppy Izzo. | ||
| 700 | 1 | |a Izzo, Simona |0 IT\ICCU\BVEV\015866 | |
| 700 | 1 | |a Giannini, Alessandro |0 IT\ICCU\CFIV\034539 | |
| 700 | 1 | |a Scattini, Monica |0 IT\ICCU\MODV\257294 | |
| 700 | 1 | |a De Rossi, Barbara |0 IT\ICCU\MODV\257396 | |
| 700 | 1 | |a Rondinella, Clelia |0 IT\ICCU\MODV\257397 | |
| 700 | 1 | |a O'Hara, Pat |0 IT\ICCU\MODV\257398 | |
| 700 | 1 | |a Logan, Veronika |0 IT\ICCU\MODV\257399 | |
| 700 | 1 | |a Mottini, Edoardo G. |0 IT\ICCU\MODV\257400 | |
| 700 | 1 | |a Izzo, Giuppy |0 IT\ICCU\MODV\257401 | |
| 700 | 1 | |a Benvenuti, Alessandro |0 IT\ICCU\RAVV\099451 | |
| 700 | 1 | |a Tognazzi, Ricky |0 IT\ICCU\RAVV\101728 | |
| 700 | 1 | |a Di Pofi, Antonio |0 IT\ICCU\UBOV\548563 | |
| 790 | 1 | |a Izzo, Federica |3 IT\ICCU\SBNV\012459 |z Izzo, Giuppy | |
| 790 | 1 | |a Tognazzi, Riccardo |3 IT\ICCU\SBNV\010477 |z Tognazzi, Ricky | |
| 790 | 1 | |a Tognazzi, Rick |3 IT\ICCU\SBNV\010478 |z Tognazzi, Ricky | |
| 790 | 1 | |a Tognazzi, Riki |3 IT\ICCU\SBNV\010479 |z Tognazzi, Ricky | |
| 790 | 1 | |a Tognazzi, Riky |3 IT\ICCU\SBNV\010480 |z Tognazzi, Ricky | |
| 830 | 0 | |a Cinema donna |0 IT\ICCU\RAV\1458502 | |
| 942 | |2 ddc |c VM |n 0 | ||
| 952 | |0 0 |1 0 |4 0 |6 VO_1814_000000000000000 |7 0 |9 27672 |a BO |b BO |d 2026-01-24 |i 14469 |l 0 |o VO 1814 |p BO14469 |r 2026-01-24 18:29:07 |w 2026-01-24 |x [Sebina 5] [1 videocassetta] |y VM |z 1 videocassetta | ||
| 999 | |c 23455 |d 23455 | ||